000 00718nmm a2200277 a 4500
003 AR-BaBNM
005 20251128205453.0
008 307119s1996 ||||||||||||||000 | spa||
020 _a950-20-0907-X
040 _cAR-BaBNM
100 1 _aFalcón, Enrique M.
245 1 0 _aHabeas data
_bconcepto y procedimiento
260 _aBuenos Aires
_bAbeledo-Perrot
_c1996
300 0 _a103 p.
500 0 _aIndice p. 99-103
650 4 _aDERECHO
650 4 _aDERECHOS CIVILES Y POLITICOS
650 4 _aHABEAS CORPUS
650 4 _aDERECHO CONSTITUCIONAL
650 4 _aCONSTITUCIONES
650 4 _aDISCRIMINACION
650 4 _aLEGISLACION
650 4 _aLEGISLACION ARGENTINA
942 _cBK
998 _cAndrea
999 _c11531
_d11531